<?xml version="1.0" encoding="UTF-8"?>
<marc:record xmlns:marc="http://www.loc.gov/MARC21/slim">
   <marc:leader>00000nam a2200000 a 4500</marc:leader>
   <marc:datafield ind1="1" ind2=" " tag="100">
      <marc:subfield code="a">Claybourne, Anna</marc:subfield>
      <marc:subfield code="4">aut</marc:subfield>
      <marc:subfield code="e">Verfasser/-in</marc:subfield>
   </marc:datafield>
   <marc:datafield ind1="0" ind2="0" tag="245">
      <marc:subfield code="a">Alles verändert sich</marc:subfield>
   </marc:datafield>
   <marc:datafield ind1="0" ind2="0" tag="245">
      <marc:subfield code="c">Claybourne, Anna</marc:subfield>
   </marc:datafield>
   <marc:datafield ind1=" " ind2="1" tag="264">
      <marc:subfield code="a">München</marc:subfield>
      <marc:subfield code="b">arsEdition</marc:subfield>
      <marc:subfield code="c">2022</marc:subfield>
   </marc:datafield>
   <marc:datafield ind1="1" ind2=" " tag="520">
      <marc:subfield code="a">Angaben aus der Verlagsmeldung

Alles verändert sich : Vom Kreislauf des Lebens All things change / von Anna Claybourne

Alles im Universum verändert sich

Der Tag wird zur Nacht und wieder zum Tag. Der Mond wandert über den Himmel und sieht jede Nacht ein bisschen anders aus. Pflanzen wachsen, die Jahreszeiten wechseln und bringen anderes Wetter mit sich. Wir werden jeden Tag älter, lernen neue Dinge, und auch unsere Gedanken und Gefühle unterliegen einem steten Veränderungsprozess.

Philosophisch: Eine nachdenklich stimmende Auseinandersetzung mit den vielfältigen Veränderungsprozessen in der Natur

Kreislauf der Natur: Von unserem Universum, den Sonnen- und Mondzyklen über die geologischen Formationen der Erde, die Lebenszyklen in der Natur bis hin zur Evolution des Menschen

Motive: Wunderschöne und kindgerechte Illustrationen veranschaulichen das Thema auf besondere Weise

Familienbuch: Ideal, um das Thema des Wandels zusammen zu erkunden und zu verstehen

Rhythmus des Lebens

Um uns herum verändern sich Dinge die ganze Zeit. Einige Veränderungen geschehen direkt vor unseren Augen, während andere Veränderungen so langsam geschehen, dass wir sie ein Leben lang nicht bemerken werden!

</marc:subfield>
   </marc:datafield>
   <marc:datafield ind1=" " ind2=" " tag="020">
      <marc:subfield code="a">9783845849478</marc:subfield>
      <marc:subfield code="9">9783845849478</marc:subfield>
   </marc:datafield>
   <marc:datafield ind1=" " ind2=" " tag="020">
      <marc:subfield code="a">3845849479</marc:subfield>
      <marc:subfield code="9">3845849479</marc:subfield>
   </marc:datafield>
   <marc:datafield ind1=" " ind2=" " tag="041">
      <marc:subfield code="a">ger</marc:subfield>
   </marc:datafield>
   <marc:datafield ind1=" " ind2=" " tag="300">
      <marc:subfield code="a">63 Seiten</marc:subfield>
   </marc:datafield>
</marc:record>
